Bujang benar

Bibliographic Details
Main Author: Roshana binti Aziz
Format: Book
Published: Selangor : flo Enterprise , 2005
Series:Siri warisan klasik
Subjects:

MARC

LEADER 00000cam a2200000 7i4500
001 0000003758
005 20151222.0
008 070719
020 |a 9679714985 
020 |a 9679715035(set) 
090 0 0 |a JF   |b MAL 
100 0 |a Roshana binti Aziz 
245 1 0 |a Bujang benar   |c Roshana binti Aziz 
260 |a Selangor :   |b flo Enterprise ,   |c 2005 
440 |a Siri warisan klasik 
500 |a Children ages 10-12 years old (pink) 
650 0 |a Folk literature 
650 0 |a Folkore   |z Asia 
650 0 |a Tales   |z Asia 
999 |a 0000904482   |b Book   |c Teenagers   |e Cawangan Bandar Tenggara 
999 |a 0000917479   |b Book   |c Children Collection   |e Cawangan Bukit Gambir 
999 |a 0000917480   |b Book   |c Children Collection   |e Cawangan Bukit Gambir 
999 |a 0000917481   |b Book   |c Children Collection   |e Cawangan Bukit Gambir 
999 |a 0000931320   |b Book   |c Children Collection   |e Cawangan Tangkak 
999 |a 0000931321   |b Book   |c Children Collection   |e Cawangan Tangkak 
999 |a 0000931322   |b Book   |c Children Collection   |e Cawangan Tangkak 
999 |a 0000971368   |b Book   |c Children Collection   |e Perbadanan Perpustakaan Awam Johor 
999 |a 0000971369   |b Book   |c Children Collection   |e Perbadanan Perpustakaan Awam Johor 
999 |a 0000971370   |b Book   |c Children Collection   |e Cawangan Bandar Tenggara 
999 |a 0000971371   |b Book   |c Children Collection   |e Perbadanan Perpustakaan Awam Johor 
999 |a 0001054108   |b Book   |c Children Collection   |e Cawangan Segamat